000 00289nam a22001457a 4500
999 _c54901
_d54901
008 190925b ||||| |||| 00| 0 eng d
020 _a9780071748018
041 _aeng
080 _a004
082 _a004
100 _a28
101 _aSHKI
245 _aADF
_cADFAD
942 _2udc
_cBK